Programming languages and methodologies

Salvato in:
Dettagli Bibliografici
Autore principale:  Schalkoff, Robert J
Natura: Sách
Lingua:Undetermined
Pubblicazione:  Jones and Bartlett Publishers  2007
Soggetti:
Tags: Aggiungi Tag
Nessun Tag, puoi essere il primo ad aggiungerne! !
Thư viện lưu trữ: Trung tâm Thư viện - Trường Đại học Công nghiệp TP. Hồ Chí Minh
LEADER 00549nam a2200157Ia 4500
001 UIH_04557
008 231011s9999 xx 000 0 und d
082 |a  005.13 
100 |a  Schalkoff, Robert J 
245 0 |a  Programming languages and methodologies 
245 0 |c  Schalkoff, Robert J 
260 |b  Jones and Bartlett Publishers 
260 |c  2007 
650 |a  Ngôn ngữ lập trình (Máy tính điện tử);  
927 |a Sách 
980 |a Trung tâm Thư viện - Trường Đại học Công nghiệp TP. Hồ Chí Minh